Vplyv otvorov na tuhosť skriňových konštrukcií. /

Salvato in:
Dettagli Bibliografici
Autore principale: Ta, The Truyen (Autore)
Natura: Manoscritto Libro
Pubblicazione: Bratislava : SVŠT v Bratislave SjF, 1972
Tags: Aggiungi Tag
Nessun Tag, puoi essere il primo ad aggiungerne!!

MARC

LEADER 00000ntm a22000003a 4500
001 stu47447
005 20150617225712.4
008 ------s1972----cs----------------------d
040 |a STU  |b slo 
041 0
044 |a cs 
080 |a 621.9-216.001.24  |7 stu_us_auth*stu11312 
080 |a 539.3/.4  |7 stu_us_auth*stu8140 
100 1 |a Ta, The Truyen  |4 aut 
245 1 |a Vplyv otvorov na tuhosť skriňových konštrukcií. /  |c [aut.] Ta,The Truyen 
260 |a Bratislava :  |b SVŠT v Bratislave SjF,  |c 1972 
300 |a 167 s 
996 |b J28860  |c J*28860/DIZ.  |l JJSK  |s A  |a 24  |w stu47447_0001